| 000 | 00412 a2200145 4500 | ||
|---|---|---|---|
| 005 | 20250623070035.0 | ||
| 020 | _a978-1-4522-7771-4 | ||
| 082 | _a519.5 SAL | ||
| 100 | _aSALKIND, J . N | ||
| 245 | _aStatistics for People who Think They Hates Statistics | ||
| 250 | _a5th Ed. | ||
| 260 |
_aLondon _bSAGE _c2014. |
||
| 300 |
_axxvii,483p.: ill.; figures, tables _bAppendix, Index, Glossary _c24cm |
||
| 942 |
_2ddc _cBKS |
||
| 999 |
_c4575 _d4575 |
||